000 00654cam a2200229 a 4500
001 12404572
003 mut
005 20260205091000.0
008 010510s2002 nyuk 001 0 eng
010 _a 2001026520
020 _a0766830837
040 _cMUT
050 0 0 _aKF 9219
_b.B23 2001
100 1 _aBacigal, Ronald J.
245 1 0 _aCriminal law and procedure :
_ban introduction /
250 _a2nd ed.
260 _aAlbany, NY :
_bWest/Thomson Learning,
_cc2002.
583 _aCataloguing:
_c20260205
_k564564
650 0 _aCriminal law
_zUnited States.
650 0 _aCriminal procedure
_zUnited States.
942 _2lcc
_cBK
999 _c5438
_d5438